Les céréales / (Record no. 159903)

MARC details
000 -LEADER
campo de control de longitud fija 00773nam a22002175i 4500
001 - NÚMERO DE CONTROL
campo de control 159903
003 - IDENTIFICADOR DE NÚMERO DE CONTROL
campo de control ES-MaACL
005 - FECHA Y HORA DE LA ÚLTIMA TRANSACCIÓN
campo de control 20250627063653.0
008 - DATOS DE LONGITUD FIJA--INFORMACIÓN GENERAL
campo de control de longitud fija 040928s1847 fr |||| | fre d
040 ## - FUENTE DE CATALOGACIÓN
Centro catalogador/agencia de origen CAM
Lengua de catalogación spa
Centro/agencia transcriptor CAM
100 1# - ENTRADA PRINCIPAL--NOMBRE DE PERSONA
Nombre de persona Molinari, Gustave de,
Fechas asociadas al nombre 1819-1912
9 (RLIN) 130029
245 14 - MENCIÓN DEL TÍTULO
Título Les céréales /
Mención de responsabilidad, etc. par Gustave de Molinari.
260 ## - PUBLICACIÓN, DISTRIBUCIÓN, ETC.
Lugar de publicación, distribución, etc. Paris :
Nombre del editor, distribuidor, etc. Librairie de Guillaumin,
Fecha de publicación, distribución, etc. 1847 (
Fabricante Imprimé par Plon frères)
300 ## - DESCRIPCIÓN FÍSICA
Extensión 75 p. ;
Dimensiones 23 cm.
490 1# - MENCIÓN DE SERIE
Mención de serie Histoire du tarif ;
Designación de volumen o secuencia 2
650 #4 - PUNTO DE ACCESO ADICIONAL DE MATERIA--TÉRMINO DE MATERIA
Término de materia o nombre geográfico como elemento de entrada Cereales-
Subdivisión general Comercio.
9 (RLIN) 135751
830 0# - PUNTO DE ACCESO ADICIONAL DE SERIE-TÍTULO UNIFORME
Título uniforme Histoire du tarif ;
Designación de volumen o secuencia 2
9 (RLIN) 222000
852 ## - LOCALIZACIÓN
Ubicación ES-MaACL
Número de control de estantería T-1283-F-10
Nota libre -- Enc. hol. conservando la cub. original
-- -- Donativo Bosch
-- -- Enc. en un vol. facticio
942 ## - ELEMENTOS DE ENTRADA SECUNDARIOS (KOHA)
Fuente del sistema de clasificación o colocación Clasificación decimal universal
Holdings
Estatus retirado Estado de pérdida Fuente del sistema de clasificación o colocación Estado de daño No para préstamo Colección Biblioteca de origen Biblioteca actual Ubicación en estantería Fecha de adquisición Total de préstamos Signatura topográfica completa Código de barras Visto por última vez Precio de reemplazo Tipo de ítem Koha
    Clasificación decimal universal     Colección de folletos Biblioteca del Ateneo de Madrid Biblioteca del Ateneo de Madrid Depósito folletos 17/01/2008   T-1283-F-10 1167396 23/02/2023 23/02/2023 Folleto